Sports Quiz

Random Sports or NBA Quiz
Score 0/50 Timer 07:00
23 Plays Today
Hint Answer % Correct
Eastern Conference Playoff TeamsCleveland Cavaliers
98.3%
Eastern Conference Playoff TeamsBoston Celtics
98.2%
Western Conference Playoff TeamsGolden State Warriors
97.2%
Western Conference Playoff TeamsSan Antonio Spurs
95.4%
Leading Scorer Per Team (East)LeBron James
95.1%
Western Conference Playoff TeamsHouston Rockets
94.3%
Finals MVPs Playing in PlayoffsLeBron James
94.3%
Eastern Conference Playoff TeamsToronto Raptors
93.6%
Leading Scorer Per Team (West)Stephen Curry
93.6%
Western Conference Playoff TeamsOklahoma City Thunder
93%
Regular Season MVPs Playing in PlayoffsLeBron James
92.3%
Regular Season MVPs Playing in PlayoffsStephen Curry
91.8%
Eastern Conference Playoff TeamsChicago Bulls
91.4%
Eastern Conference Playoff TeamsWashington Wizards
91.3%
Western Conference Playoff TeamsLos Angeles Clippers
91.3%
No. 1 Draft Picks Playing in PlayoffsLeBron James
90.1%
Leading Scorer Per Team (East)Isaiah Thomas
89.7%
Eastern Conference Playoff TeamsIndiana Pacers
89.7%
Western Conference Playoff TeamsUtah Jazz
89.5%
Eastern Conference Playoff TeamsMilwaukee Bucks
88.6%
Leading Scorer Per Team (West)James Harden
88.4%
Leading Scorer Per Team (West)Russell Westbrook
88.1%
Eastern Conference Playoff TeamsAtlanta Hawks
87.7%
Leading Scorer Per Team (West)Kawhi Leonard
87.7%
Western Conference Playoff TeamsPortland Trail Blazers
87.4%
Hint Answer % Correct
Regular Season MVPs Playing in PlayoffsKevin Durant
85.4%
Leading Scorer Per Team (East)John Wall & Bradley Beal (tie)
85.2%
Finals MVPs Playing in PlayoffsKawhi Leonard
84.7%
Western Conference Playoff TeamsMemphis Grizzlies
83.6%
Leading Scorer Per Team (East)DeMar DeRozan
83%
Leading Scorer Per Team (West)Blake Griffin
82.1%
Leading Scorer Per Team (East)Paul George
81.3%
Leading Scorer Per Team (East)Jimmy Butler
79.6%
Leading Scorer Per Team (West)Damian Lillard
78.1%
Leading Scorer Per Team (West)Gordon Hayward
76%
No. 1 Draft Picks Playing in PlayoffsJohn Wall
74.9%
No. 1 Draft Picks Playing in PlayoffsBlake Griffin
73.7%
Leading Scorer Per Team (East)Giannis Antetokounmpo
73.1%
2015-16 Playoff Teams That Missed Playoffs This YearMiami Heat
72.2%
Leading Scorer Per Team (West)Mike Conley
71.9%
Finals MVPs Playing in PlayoffsAndre Iguodala
70.7%
Leading Scorer Per Team (East)Paul Millsap
69.1%
Finals MVPs Playing in PlayoffsDwyane Wade
67.2%
No. 1 Draft Picks Playing in PlayoffsKyrie Irving
66.5%
Finals MVPs Playing in PlayoffsTony Parker
61.6%
2015-16 Playoff Teams That Missed Playoffs This YearDetroit Pistons
58.8%
Finals MVPs Playing in PlayoffsPaul Pierce
58.4%
2015-16 Playoff Teams That Missed Playoffs This YearDallas Mavericks
58.3%
2015-16 Playoff Teams That Missed Playoffs This YearCharlotte Hornets
58%
No. 1 Draft Picks Playing in PlayoffsDwight Howard
48.4%
Remove Ads.
Support Sporcle.
Get the best of Sporcle when you Go Orange. This ad-free experience offers more features, more stats, and more fun while also helping to support Sporcle. Thank you for becoming a member.

You're not logged in!

Compare scores with friends on all Sporcle quizzes.
OR
Log In

Show Comments

Extras

Top Quizzes Today


Score Distribution

Your Account Isn't Verified!

In order to create a playlist on Sporcle, you need to verify the email address you used during registration. Go to your Sporcle Settings to finish the process.

Report this User

Report this user for behavior that violates our Community Guidelines.

Details: